[Event "VIII Torneo Leonardo di Bona B"]
[Site "Cutro ITA"]
[Date "2002.04.24"]
[Round "1"]
[White "Londino, Eugenio"]
[Black "Morelli, Gaetano"]
[Result "0-1"]
[WhiteElo "1473"]
[BlackElo "1668"]
[PlyCount "76"]
[EventDate "2002.04.24"]

1. e3 d5 2. Nc3 e5 3. a3 c6 4. Be2 Bd6 5. Nf3 e4 6. Nd4 Qg5 7. Bf1 h5 8. Nce2
h4 9. h3 f5 10. Nf4 Bxf4 11. exf4 Qxf4 12. Ne2 Qe5 13. d3 Nf6 14. d4 Qe7 15.
Nf4 Qf7 16. Be2 g5 17. Nxd5 cxd5 18. Bxg5 Be6 19. Bf4 Nc6 20. c3 Qg6 21. Kf1
O-O-O 22. b4 Rdg8 23. Rg1 Nh5 24. Bxh5 Rxh5 25. b5 Na5 26. Qa4 b6 27. Qb4 Nb7
28. Qe7 Rh7 29. Qb4 Rhg7 30. g3 hxg3 31. Rxg3 Qh7 32. Kg2 Qh4 33. Rg1 Qxf4 34.
Qb1 Rxg3+ 35. fxg3 Rxg3+ 36. Kh2 Rd3+ 37. Kg2 Qf3+ 38. Kh2 Qxh3# 0-1

[Event "VIII Torneo Leonardo di Bona B"]
[Site "Cutro ITA"]
[Date "2002.04.24"]
[Round "1"]
[White "Olivo, Paolo"]
[Black "Mano, Vincenzo"]
[Result "0-1"]
[WhiteElo "1570"]
[BlackElo "1798"]
[PlyCount "62"]
[EventDate "2002.04.24"]

1. e4 c5 2. Nf3 d6 3. d4 cxd4 4. Nxd4 Nf6 5. Nc3 a6 6. Be3 e6 7. g4 Be7 8. Bc4
b5 9. Bd3 Bb7 10. f3 Nfd7 11. Nde2 Nc6 12. Ng3 Nde5 13. Be2 Rc8 14. f4 Nc4 15.
Bxc4 bxc4 16. g5 f6 17. h4 Qa5 18. Qh5+ g6 19. Qe2 Nd8 20. h5 Nf7 21. hxg6 hxg6
22. Rxh8+ Nxh8 23. O-O-O fxg5 24. fxg5 Qe5 25. Qf2 Bxg5 26. Kb1 Bxe3 27. Qxe3
Kd7 28. Na4 Rc6 29. Ne2 Rc7 30. Nec3 Nf7 31. Rd4 Ke7 0-1

[Event "VIII Torneo Leonardo di Bona B"]
[Site "Cutro ITA"]
[Date "2002.04.24"]
[Round "1"]
[White "Russo, Carmelo"]
[Black "Paragliola, Gennaro"]
[Result "1-0"]
[WhiteElo "1669"]
[BlackElo "1495"]
[PlyCount "105"]
[EventDate "2002.04.24"]

1. Nf3 Nf6 2. c4 d6 3. g3 g6 4. Bg2 Bg7 5. O-O O-O 6. d4 Nbd7 7. Nc3 c5 8. Bf4
cxd4 9. Nxd4 e5 10. Be3 exd4 11. Bxd4 Ne5 12. Qb3 Qc7 13. Bxe5 dxe5 14. Rac1
Rb8 15. Nd5 Qc5 16. Rfd1 Bg4 17. Nxf6+ Bxf6 18. Rd5 Qc7 19. e3 b6 20. Qa4 Be6
21. Rd2 Rfd8 22. Rdc2 Be7 23. b4 a5 24. a3 Bd7 25. Qb3 Bc6 26. Bd5 Kg7 27. b5
Bxd5 28. cxd5 Qd6 29. e4 Qxa3 30. Qb1 Bc5 31. Kg2 Qd3 32. f3 Rbc8 33. Rd1 Qa3
34. Ra2 Qe3 35. Re1 Qg5 36. h4 Qe7 37. Rc1 Bb4 38. Rc6 Bc5 39. Rc2 g5 40. d6
Qd7 41. Qc1 f6 42. hxg5 fxg5 43. Qxg5+ Kh8 44. Qxe5+ Qg7 45. Qxg7+ Kxg7 46. d7
Ra8 47. Rc7 Kf6 48. f4 Ke7 49. Rd2 a4 50. Rd5 a3 51. Rh5 a2 52. Rxh7+ Ke6 53.
Rc6+ 1-0

[Event "VIII Torneo Leonardo di Bona B"]
[Site "Cutro ITA"]
[Date "2002.04.24"]
[Round "1"]
[White "Solenghi, Giuseppe"]
[Black "Armentano, Alessio"]
[Result "1/2-1/2"]
[WhiteElo "1624"]
[BlackElo "1828"]
[PlyCount "61"]
[EventDate "2002.04.24"]

1. Nf3 f5 2. g3 Nf6 3. Bg2 g6 4. O-O Bg7 5. c4 d6 6. d3 O-O 7. Nc3 e5 8. Re1 h6
9. h4 Nc6 10. Nh2 a6 11. a3 Rb8 12. b4 Be6 13. Bb2 Ne7 14. e4 Qd7 15. Nd5 Nc6
16. c5 Qf7 17. cxd6 cxd6 18. Nb6 fxe4 19. dxe4 Nd7 20. Nxd7 Qxf2+ 21. Kh1 Bxd7
22. Qxd6 Qxb2 23. Qxd7 Rf2 24. Qh3 Nd4 25. Ng4 Re2 26. Rg1 h5 27. Nh2 Nc2 28.
Qe6+ Kh7 29. Ra2 Qc3 30. Nf3 Nd4 31. Ng5+ 1/2-1/2

[Event "VIII Torneo Leonardo di Bona B"]
[Site "Cutro ITA"]
[Date "2002.04.24"]
[Round "1"]
[White "Tomba, Patrizia"]
[Black "Parrotta, Daniele"]
[Result "0-1"]
[WhiteElo "1543"]
[BlackElo "1723"]
[PlyCount "54"]
[EventDate "2002.04.24"]

1. e4 e5 2. Nf3 Nc6 3. Bb5 f5 4. exf5 e4 5. Qe2 Qe7 6. Bxc6 dxc6 7. Nd4 Qe5 8.
Nb3 Bxf5 9. O-O Bd6 10. g3 Nf6 11. d4 Qe6 12. Nc3 Bg4 13. f3 Bh5 14. Nxe4 O-O
15. Nxf6+ Qxf6 16. Qc4+ Bf7 17. Qc3 Bd5 18. Nd2 h5 19. b3 h4 20. f4 hxg3 21.
hxg3 Qh6 22. Nf3 Qh3 23. Qe1 Qg4 24. Qf2 Bxf4 25. Bxf4 Rxf4 26. Nh2 Rxf2 27.
Nxg4 Rg2+ 0-1

[Event "VIII Torneo Leonardo di Bona B"]
[Site "Cutro ITA"]
[Date "2002.04.25"]
[Round "2"]
[White "Armentano, Alessio"]
[Black "Todic, Simo"]
[Result "0-1"]
[WhiteElo "1828"]
[BlackElo "1693"]
[PlyCount "74"]
[EventDate "2002.04.24"]

1. e4 c5 2. Nc3 e6 3. g3 d5 4. Bg2 d4 5. Nce2 Nf6 6. d3 Nc6 7. h3 e5 8. f4 Bd6
9. Nf3 Qb6 10. O-O Nh5 11. b3 exf4 12. gxf4 f6 13. Nh4 g6 14. a3 Bd7 15. Bd2
O-O-O 16. Qe1 Rhg8 17. f5 g5 18. Nf3 g4 19. hxg4 Rxg4 20. Nh2 Bxh2+ 21. Kxh2
Qc7+ 22. Kh1 Rdg8 23. Rg1 Ng3+ 24. Nxg3 Rxg3 25. Qf1 R3g4 26. Bh3 Rxg1+ 27.
Qxg1 Rxg1+ 28. Rxg1 Qd8 29. Rg7 Ne5 30. Kg2 Qf8 31. Rg3 Be8 32. Kf2 Bh5 33. b4
c4 34. Bf4 c3 35. Ke1 Kc7 36. Bg2 Kb6 37. Rh3 Qf7 0-1

[Event "VIII Torneo Leonardo di Bona B"]
[Site "Cutro ITA"]
[Date "2002.04.25"]
[Round "2"]
[White "Conforti, Raffaello"]
[Black "Frontera, Giuseppe"]
[Result "1-0"]
[WhiteElo "1651"]
[BlackElo "1768"]
[PlyCount "103"]
[EventDate "2002.04.24"]

1. d4 Nf6 2. c4 g6 3. Nc3 Bg7 4. e4 d6 5. Nf3 O-O 6. Be2 e5 7. O-O Nc6 8. d5
Ne7 9. Ne1 Nd7 10. Be3 f5 11. f3 f4 12. Bf2 Nf6 13. c5 g5 14. cxd6 cxd6 15. Rc1
Ng6 16. Nb5 Rf7 17. Qc2 Ne8 18. Qb3 a6 19. Na7 Bd7 20. Bb6 Qb8 21. Nc6 bxc6 22.
dxc6 Be6 23. Qxe6 Qxb6+ 24. Kh1 Nf8 25. Qd5 Nf6 26. Qxd6 Rd8 27. Qa3 Kh8 28.
Qxa6 Qxa6 29. Bxa6 Rc7 30. b4 Rb8 31. Nd3 Ne8 32. b5 Ne6 33. a4 Ra7 34. Ra1
N8c7 35. Bb7 Raxb7 36. cxb7 Rxb7 37. Rfb1 Nd4 38. b6 Na6 39. a5 h5 40. h3 Nc6
41. Ra4 Kg8 42. Rc1 Ncb8 43. Rc8+ Kf7 44. Nc5 Nxc5 45. Rxc5 Na6 46. Rc8 Bf8 47.
Rac4 Bd6 48. Ra8 Nb8 49. Ra7 Re7 50. a6 Nd7 51. Rxd7 Rxd7 52. a7 1-0

[Event "VIII Torneo Leonardo di Bona B"]
[Site "Cutro ITA"]
[Date "2002.04.25"]
[Round "2"]
[White "Liperoti, Mimmo"]
[Black "Forlano, Luigi"]
[Result "0-1"]
[WhiteElo "1600"]
[BlackElo "1884"]
[PlyCount "28"]
[EventDate "2002.04.24"]

1. d4 d5 2. Nc3 Bf5 3. g3 e6 4. Bg2 Nf6 5. a3 c5 6. Nf3 Nc6 7. e4 Nxe4 8. Nh4
cxd4 9. Nxf5 exf5 10. Ne2 Bc5 11. b4 Bb6 12. Bb2 d3 13. Bxe4 dxe2 14. Qxe2 O-O
0-1

[Event "VIII Torneo Leonardo di Bona B"]
[Site "Cutro ITA"]
[Date "2002.04.25"]
[Round "2"]
[White "Mano, Vincenzo"]
[Black "Morelli, Gaetano"]
[Result "1-0"]
[WhiteElo "1798"]
[BlackElo "1668"]
[PlyCount "67"]
[EventDate "2002.04.24"]

1. e4 Nf6 2. Nc3 e5 3. Bc4 Bb4 4. Nd5 Nxd5 5. Bxd5 c6 6. Bb3 d5 7. Qg4 O-O 8.
exd5 cxd5 9. c3 Bc5 10. Nf3 Nd7 11. O-O e4 12. Ne1 Nf6 13. Qd1 Bg4 14. Qc2 Be2
15. d4 Bxf1 16. dxc5 Bc4 17. Bg5 Re8 18. Ba4 Re5 19. Qd2 h6 20. Bh4 Qe7 21. Qe3
g5 22. Bg3 Ng4 23. Qd4 Rf5 24. Nc2 Ne5 25. Ne3 Rf3 26. Bxe5 Rxe3 27. fxe3 Rc8
28. b3 Bd3 29. Bf6 Qe6 30. Bh8 Qg6 31. Bd7 Qh7 32. Bxc8 Qxh8 33. Qxh8+ Kxh8 34.
Bxb7 1-0

[Event "VIII Torneo Leonardo di Bona B"]
[Site "Cutro ITA"]
[Date "2002.04.25"]
[Round "2"]
[White "Olivo, Gaetano"]
[Black "Solenghi, Giuseppe"]
[Result "1-0"]
[WhiteElo "1513"]
[BlackElo "1624"]
[PlyCount "100"]
[EventDate "2002.04.24"]

1. e4 d6 2. d4 Nf6 3. Bd3 g6 4. Bg5 Bg7 5. Nf3 Nbd7 6. O-O O-O 7. Qd2 Re8 8.
Re1 c5 9. c3 cxd4 10. cxd4 b6 11. Nc3 Bb7 12. Bh6 Bh8 13. h3 Rc8 14. Re3 e5 15.
d5 Nc5 16. Bc2 a5 17. a3 Qd7 18. Nh2 a4 19. Rf1 Nb3 20. Bxb3 axb3 21. Qd1 Ba6
22. Rfe1 Bc4 23. Nf1 Rc5 24. Nd2 b5 25. Ncb1 Rec8 26. Nxb3 Bxb3 27. Rxb3 Nxe4
28. Rxe4 Qf5 29. f3 g5 30. Rc3 Qg6 31. Bxg5 f5 32. Rxc5 Rxc5 33. Be3 fxe4 34.
Bxc5 dxc5 35. fxe4 Qxe4 36. Nc3 Qd4+ 37. Qxd4 exd4 38. Ne4 d3 39. b3 c4 40.
bxc4 bxc4 41. Kf1 c3 42. Ke1 Bd4 43. a4 c2 44. Kd2 Be3+ 45. Kxe3 c1=Q+ 46. Kxd3
Qa3+ 47. Nc3 Kf7 48. Kc4 Ke7 49. g4 Kd7 50. h4 Kc7 1-0

[Event "VIII Torneo Leonardo di Bona B"]
[Site "Cutro ITA"]
[Date "2002.04.25"]
[Round "2"]
[White "Olivo, Paolo"]
[Black "Londino, Eugenio"]
[Result "1-0"]
[WhiteElo "1570"]
[BlackElo "1473"]
[PlyCount "138"]
[EventDate "2002.04.24"]

1. e4 c6 2. d4 g6 3. Nf3 Bg7 4. Bc4 Nf6 5. Nc3 O-O 6. O-O b5 7. Bb3 Ba6 8. Re1
d6 9. a4 b4 10. Na2 c5 11. c3 c4 12. Nxb4 cxb3 13. Nxa6 Nxa6 14. Qxb3 Qc8 15.
h3 Rb8 16. Qa3 Qc4 17. e5 dxe5 18. Nxe5 Qc7 19. b4 Rbc8 20. c4 e6 21. b5 Nb8
22. c5 Nd5 23. Bd2 Rfe8 24. a5 Bxe5 25. Rxe5 Nd7 26. Ree1 Qd8 27. b6 axb6 28.
axb6 Qh4 29. b7 Rc7 30. Rac1 Qxd4 31. c6 N7b6 32. Qd6 Qxd2 33. Red1 Qa5 34. Ra1
Qb5 35. Rxd5 Nxd5 36. Ra8 Rce7 37. Qxe7 Nxe7 38. Rxe8+ Kg7 39. b8=Q Qxb8 40.
Rxb8 Nxc6 41. Rb6 Nd4 42. Kf1 h5 43. g3 Kf6 44. Rb4 Nc6 45. Rf4+ Kg7 46. Kg2 f5
47. Rc4 Ne7 48. Rc7 Kf6 49. f4 Nd5 50. Rc6 Nb4 51. Rd6 Nd5 52. Kf3 Nc3 53. g4
hxg4+ 54. hxg4 fxg4+ 55. Kxg4 Ne4 56. Rd8 Ke7 57. Rd4 Nf6+ 58. Kg5 Kf7 59. Ra4
Nd5 60. Ra7+ Ne7 61. Rb7 Kf8 62. Kf6 Nd5+ 63. Ke5 Kg8 64. Rd7 Kf8 65. Rd6 Ke7
66. Rxe6+ Kf7 67. Kxd5 g5 68. fxg5 Kg7 69. Ke5 Kf7 1-0

[Event "VIII Torneo Leonardo di Bona B"]
[Site "Cutro ITA"]
[Date "2002.04.25"]
[Round "2"]
[White "Paragliola, Gennaro"]
[Black "Anastasio, Giovanni"]
[Result "1-0"]
[WhiteElo "1495"]
[BlackElo "1507"]
[PlyCount "141"]
[EventDate "2002.04.24"]

1. d4 d5 2. c4 dxc4 3. e4 e6 4. Bxc4 a6 5. Nf3 b5 6. Bd3 Bb7 7. O-O Nf6 8. Qc2
Nh5 9. Be3 g6 10. Nbd2 Bg7 11. Nb3 c6 12. Rac1 O-O 13. Rfd1 a5 14. Be2 a4 15.
Nc5 Qe7 16. e5 Bh8 17. Ng5 Rc8 18. Bxh5 h6 19. Bxg6 hxg5 20. Be4 Rc7 21. Qe2 f6
22. Qh5 Bc8 23. Qg6+ Bg7 24. exf6 Qxf6 25. Bxg5 Qxg6 26. Bxg6 Na6 27. Bf4 Rca7
28. Be5 Nxc5 29. dxc5 Bxe5 30. Rd8+ Kg7 31. Be4 Rc7 32. Rcd1 Raa7 33. R1d3 Ra5
34. Rh3 Kf6 35. Rdd3 Kg5 36. g3 Kf6 37. Rf3+ Ke7 38. Rh7+ Ke8 39. Bg6+ Rf7 40.
Bxf7+ Kd8 41. Bg8 Bd7 42. Rd3 Ra7 43. Bxe6 Kc8 44. Bxd7+ Kb8 45. Bxc6 Rxh7 46.
Rd2 Rc7 47. Bxb5 Rxc5 48. Bxa4 Kc7 49. Rc2 Rxc2 50. Bxc2 Bxb2 51. Kg2 Kd6 52.
f4 Ke6 53. a4 Bc3 54. Kf3 Kf6 55. h4 Be1 56. h5 Kg7 57. g4 Kh6 58. Ke4 Bd2 59.
Ke5 Bc3+ 60. Ke6 Bd2 61. f5 Kg5 62. Bd1 Bc3 63. Kd5 Be1 64. Kc4 Bd2 65. Kb5 Kf6
66. a5 Ke7 67. a6 Kd7 68. Kb6 Be3+ 69. Kb7 Kd6 70. a7 Bxa7 71. Kxa7 1-0

[Event "VIII Torneo Leonardo di Bona B"]
[Site "Cutro ITA"]
[Date "2002.04.25"]
[Round "2"]
[White "Procopio, Giuseppe"]
[Black "Grano, Giuseppe"]
[Result "0-1"]
[WhiteElo "1432"]
[BlackElo "1567"]
[PlyCount "94"]
[EventDate "2002.04.24"]

1. e4 c5 2. Nf3 d6 3. d4 cxd4 4. Nxd4 Nf6 5. Nc3 a6 6. Be2 g6 7. O-O Bg7 8. Nf3
Nc6 9. h3 O-O 10. a3 Bd7 11. Qd3 Qc7 12. Rd1 Rac8 13. Bf4 Be6 14. Qd2 Ne5 15.
Nxe5 dxe5 16. Bh6 Rfd8 17. Qe3 Bxh6 18. Qxh6 Rd4 19. Bf3 Rcd8 20. Qc1 Qc4 21.
Qe3 b5 22. Be2 Qc6 23. f3 Qc5 24. Qf2 Qc7 25. Bd3 Nh5 26. Bxb5 Rxd1+ 27. Rxd1
Rxd1+ 28. Nxd1 axb5 29. Nc3 Bc4 30. b3 Bxb3 31. Nxb5 Qxc2 32. Qxc2 Bxc2 33. Nc3
Nf4 34. a4 Bd3 35. a5 Ne2+ 36. Nxe2 Bxe2 37. Kf2 Ba6 38. Ke3 Kf8 39. Kd2 Ke8
40. Kc3 Kd7 41. Kb4 Kc6 42. g3 Bf1 43. h4 Bg2 44. f4 exf4 45. gxf4 Bxe4 46. Kc4
Kd6 47. Kb5 e5 0-1

[Event "VIII Torneo Leonardo di Bona B"]
[Site "Cutro ITA"]
[Date "2002.04.25"]
[Round "2"]
[White "Russo, Carmelo"]
[Black "Fittante, Giuliana"]
[Result "0-1"]
[WhiteElo "1669"]
[BlackElo "1815"]
[PlyCount "54"]
[EventDate "2002.04.24"]

1. Nf3 Nf6 2. c4 c5 3. g3 Nc6 4. Bg2 g6 5. O-O Bg7 6. Nc3 O-O 7. e4 d6 8. d4
cxd4 9. Nxd4 Nxe4 10. Nxc6 Nxc3 11. bxc3 bxc6 12. Bxc6 Bh3 13. Qf3 Bxf1 14.
Bxa8 Bxc4 15. Bb7 Qb6 16. Be4 Rc8 17. Rb1 Qa5 18. Bb7 Qxa2 19. Be4 d5 20. Qg4
e6 21. Rb2 Qa1 22. Bb1 Ba2 23. Qa4 Bxc3 24. Qxa2 Bxb2 25. Bxb2 Qxa2 26. Bxa2
Rc2 27. Be5 Rxa2 0-1

[Event "VIII Torneo Leonardo di Bona B"]
[Site "Cutro ITA"]
[Date "2002.04.25"]
[Round "2"]
[White "Sautto, Alessandra"]
[Black "Leto, Marco"]
[Result "1/2-1/2"]
[WhiteElo "1686"]
[BlackElo "1639"]
[PlyCount "92"]
[EventDate "2002.04.24"]

1. d4 d5 2. Nf3 Nf6 3. e3 Bg4 4. h3 Bh5 5. Nbd2 e6 6. c3 Bd6 7. Bd3 Nbd7 8. Qb3
Qc8 9. O-O O-O 10. Qc2 c5 11. Re1 Bg6 12. Bxg6 hxg6 13. e4 dxe4 14. Nxe4 Nxe4
15. Qxe4 Nf6 16. Qe2 Qc7 17. dxc5 Bxc5 18. Bg5 Rad8 19. Rad1 Bd6 20. g3 Rd7 21.
Rd2 Rfd8 22. Red1 Qc5 23. Qe3 Qf5 24. g4 Qc5 25. Bxf6 Qxe3 26. fxe3 gxf6 27. g5
Kg7 28. c4 b6 29. e4 e5 30. b4 f5 31. Kg2 fxe4 32. Ng1 Rc8 33. Rxd6 Rxd6 34.
Rxd6 Rxc4 35. Rd2 Rxb4 36. Ne2 a5 37. Nc1 a4 38. a3 Rc4 39. Ne2 b5 40. Rb2 Rc5
41. Rb4 e3 42. Re4 f5 43. gxf6+ Kxf6 44. Rxe3 b4 45. axb4 Rc4 46. Nc3 Ke6
1/2-1/2

[Event "VIII Torneo Leonardo di Bona B"]
[Site "Cutro ITA"]
[Date "2002.04.25"]
[Round "2"]
[White "Tomba, Patrizia"]
[Black "Levato, Biagio"]
[Result "1/2-1/2"]
[WhiteElo "1543"]
[BlackElo "1413"]
[PlyCount "116"]
[EventDate "2002.04.24"]

1. e4 c5 2. d4 cxd4 3. c3 e5 4. Nf3 Nc6 5. Bc4 Nf6 6. Qe2 Be7 7. O-O Qc7 8. Rd1
a6 9. cxd4 b5 10. dxe5 Nxe5 11. Bb3 Nxf3+ 12. Qxf3 Bb7 13. Nc3 Bd6 14. h3 O-O
15. Qd3 Be5 16. Nd5 Nxd5 17. Bxd5 Bxd5 18. exd5 Bd6 19. Be3 f5 20. Rac1 Qb8 21.
Bc5 Bxc5 22. Rxc5 Qe5 23. Qc2 f4 24. d6 Qe6 25. Qb3 Qxb3 26. axb3 Rac8 27. Rc7
Rfd8 28. Re1 Re8 29. Rxe8+ Rxe8 30. Rxd7 Kf8 31. Kf1 Rc8 32. Rc7 Rd8 33. Rc6 a5
34. Ke2 h6 35. Kd3 Kf7 36. Kd4 Ke6 37. Kc5 b4 38. Ra6 Rd7 39. Rxa5 Rxd6 40.
Kxb4 Rd2 41. Ra6+ Kf7 42. Ra7+ Kg6 43. Ra6+ Kh5 44. Ra7 g5 45. g4+ fxg3 46.
fxg3 Rd3 47. g4+ Kh4 48. Ra6 Kxh3 49. Rxh6+ Kxg4 50. Kc4 Rh3 51. Rg6 Kf5 52.
Rg8 g4 53. b4 g3 54. b5 Kf4 55. b6 Rh2 56. b7 Rxb2 57. b8=Q+ Rxb8 58. Rxb8 g2
1/2-1/2

[Event "VIII Torneo Leonardo di Bona B"]
[Site "Cutro ITA"]
[Date "2002.04.25"]
[Round "2"]
[White "Virelli, Salvatore"]
[Black "Alo', Lucio"]
[Result "0-1"]
[WhiteElo "1368"]
[BlackElo "1489"]
[PlyCount "94"]
[EventDate "2002.04.24"]

1. e4 e5 2. Nf3 Nc6 3. Bb5 Nge7 4. O-O d6 5. c3 Bd7 6. d4 exd4 7. cxd4 a6 8.
Ba4 h6 9. h3 Ng6 10. Nc3 Be7 11. d5 Nce5 12. Re1 b5 13. Nxe5 Nxe5 14. Bc2 O-O
15. a3 Bh4 16. b3 Qf6 17. Be3 Qg6 18. g4 Qf6 19. Kg2 Ng6 20. Qd2 Ne5 21. Qe2
Qg6 22. Bd1 f5 23. exf5 Bxf5 24. Rf1 Bd3 25. Qd2 Bxf1+ 26. Kxf1 Rxf2+ 27. Bxf2
Bxf2 28. Kxf2 Nd3+ 29. Kg3 h5 30. Be2 h4+ 31. Kh2 Qf6 32. Bxd3 Qe5+ 33. Kh1 Qg3
34. Bf1 Rf8 35. Ne4 Qe5 36. Nc3 Qg3 37. Ne2 Qe5 38. Rc1 Rf2 39. Bg2 Rxe2 40.
Qd1 Qe3 41. Qg1 Qe7 42. Bf3 Re3 43. Rxc7 Qe5 44. Rc8+ Kf7 45. Rc7+ Ke8 46. Qf2
Rxb3 47. Qe2 Rb1+ 0-1

[Event "VIII Torneo Leonardo di Bona B"]
[Site "Cutro ITA"]
[Date "2002.04.26"]
[Round "3"]
[White "Alo', Lucio"]
[Black "Armentano, Alessio"]
[Result "0-1"]
[WhiteElo "1489"]
[BlackElo "1828"]
[PlyCount "106"]
[EventDate "2002.04.24"]

1. d4 f5 2. c4 Nf6 3. Bg5 d6 4. e3 Nbd7 5. Nc3 g6 6. Nf3 Bg7 7. Be2 O-O 8. O-O
Qe8 9. Qb3 a6 10. Rfe1 e5 11. dxe5 dxe5 12. Rad1 h6 13. Bh4 g5 14. c5+ Kh8 15.
Bg3 Nxc5 16. Qc4 Nfd7 17. h3 b5 18. Qd5 Bb7 19. Qd2 Rd8 20. Qc1 Qf7 21. b4 Ne6
22. Rf1 c5 23. a3 cxb4 24. axb4 Rc8 25. Qa3 f4 26. exf4 exf4 27. Bh2 Rxc3 28.
Qa2 Rfc8 29. Qb1 Ne5 30. Ne1 f3 31. gxf3 Nxf3+ 32. Nxf3 Bxf3 33. Bxf3 Qxf3 34.
Qg6 Qxh3 35. Rfe1 Nd4 36. Re8+ Rxe8 37. Qxe8+ Kh7 38. Qe4+ Qf5 39. Qg2 Nf3+ 40.
Kh1 Nxh2 41. Kxh2 Be5+ 42. Kg1 Qf3 43. Qxf3 Rxf3 44. Re1 Bc3 45. Re6 Rf6 46.
Re4 Kg6 47. Kg2 Kf5 48. f3 h5 49. Kg3 Re6 50. Rxe6 Kxe6 51. f4 gxf4+ 52. Kxf4
Bxb4 53. Kg5 a5 0-1

[Event "VIII Torneo Leonardo di Bona B"]
[Site "Cutro ITA"]
[Date "2002.04.26"]
[Round "3"]
[White "Anastasio, Giovanni"]
[Black "Procopio, Giuseppe"]
[Result "1/2-1/2"]
[WhiteElo "1507"]
[BlackElo "1432"]
[PlyCount "82"]
[EventDate "2002.04.24"]

1. d4 d5 2. e3 Nf6 3. c4 e6 4. c5 Nc6 5. a3 Be7 6. Bb5 Bd7 7. Nf3 O-O 8. O-O h6
9. Bd3 a6 10. b4 Na7 11. Nc3 Nb5 12. Nxb5 Bxb5 13. Bxb5 axb5 14. Qe2 c6 15. Ne5
Nd7 16. Ng4 f5 17. Ne5 Nxe5 18. dxe5 Qc7 19. f4 Qd8 20. Bb2 Qe8 21. Rf3 Qh5 22.
Raf1 Kh7 23. Qd2 Rg8 24. Rh3 Qf7 25. Qe2 g5 26. fxg5 Rxg5 27. Rff3 Rag8 28. Rf2
Rg4 29. Kf1 Bg5 30. Rff3 Re4 31. Qf2 Qe8 32. Bd4 Qg6 33. Ke2 Ra8 34. Bb2 Rc4
35. Kf1 Re4 36. Qe2 Rd8 37. Bd4 Ra8 38. Qb2 Be7 39. Kf2 Qg4 40. Qc1 Qg6 41. Qb2
Bg5 1/2-1/2

[Event "VIII Torneo Leonardo di Bona B"]
[Site "Cutro ITA"]
[Date "2002.04.26"]
[Round "3"]
[White "Fittante, Giuliana"]
[Black "Parrotta, Daniele"]
[Result "1-0"]
[WhiteElo "1815"]
[BlackElo "1723"]
[PlyCount "59"]
[EventDate "2002.04.24"]

1. d4 f5 2. c4 Nf6 3. Nc3 g6 4. e3 Bg7 5. Nf3 d6 6. g3 O-O 7. Bg2 c6 8. O-O Qe8
9. Qb3 Kh8 10. a4 Na6 11. Qa3 Be6 12. Nd2 Rd8 13. b4 Bg8 14. b5 Nc7 15. bxc6
bxc6 16. Rb1 e5 17. Rb7 Ne6 18. dxe5 dxe5 19. Rxa7 e4 20. Re7 Rd3 21. Rxe8 Nxe8
22. Ndb1 Nf6 23. Rd1 Rfd8 24. Rxd3 Rxd3 25. Bf1 Rd8 26. a5 Nd7 27. a6 Bf8 28.
Qa5 Bc5 29. Bb2 Rb8 30. Nb5+ 1-0

[Event "VIII Torneo Leonardo di Bona B"]
[Site "Cutro ITA"]
[Date "2002.04.26"]
[Round "3"]
[White "Forlano, Luigi"]
[Black "Olivo, Paolo"]
[Result "1-0"]
[WhiteElo "1884"]
[BlackElo "1570"]
[PlyCount "59"]
[EventDate "2002.04.24"]

1. d4 Nf6 2. Nf3 g6 3. c4 d5 4. cxd5 Nxd5 5. e4 Nb6 6. Nc3 Bg7 7. Be3 O-O 8.
Qd2 Nc6 9. h3 Re8 10. Be2 Na5 11. b3 Nc6 12. O-O e5 13. d5 Ne7 14. a4 a6 15. a5
Nd7 16. Rfd1 b5 17. axb6 cxb6 18. d6 Nc6 19. Nd5 Na5 20. Nc7 Nxb3 21. Qd5 Nxa1
22. Qxa8 Nc2 23. Nxe8 Nxe3 24. fxe3 Qxe8 25. Bxa6 Bh6 26. Qxc8 Bxe3+ 27. Kf1
Kf8 28. Qxe8+ Kxe8 29. Bb5 f6 30. Ra1 1-0

[Event "VIII Torneo Leonardo di Bona B"]
[Site "Cutro ITA"]
[Date "2002.04.26"]
[Round "3"]
[White "Frontera, Giuseppe"]
[Black "Paragliola, Gennaro"]
[Result "1-0"]
[WhiteElo "1768"]
[BlackElo "1495"]
[PlyCount "79"]
[EventDate "2002.04.24"]

1. e4 d6 2. d4 Nf6 3. Nc3 g6 4. Nf3 Bg7 5. h3 O-O 6. Be3 e5 7. Qd2 exd4 8. Nxd4
Re8 9. Bd3 c5 10. Nde2 Nc6 11. Ng3 Nd4 12. O-O b6 13. Rfe1 d5 14. exd5 Nxd5 15.
Nxd5 Qxd5 16. c3 Nc6 17. Qc2 Bb7 18. Be4 Qd7 19. Rad1 Qc7 20. Re2 Rad8 21. Red2
Rxd2 22. Rxd2 Be5 23. Nf1 Bd6 24. Bf3 Bc8 25. Qd1 Be5 26. Qa4 Bb7 27. Bg5 Bd6
28. Qd1 Bf4 29. Rd7 Qe5 30. Bxf4 Qxf4 31. Rxb7 Rd8 32. Rd7 Rxd7 33. Qxd7 Ne5
34. Qd5 g5 35. Qe4 Qf6 36. Ng3 Qe6 37. Qa8+ Kg7 38. Nh5+ Kg6 39. Qg8+ Kf5 40.
g4+ 1-0

[Event "VIII Torneo Leonardo di Bona B"]
[Site "Cutro ITA"]
[Date "2002.04.26"]
[Round "3"]
[White "Grano, Giuseppe"]
[Black "Baffa, Pietro"]
[Result "1-0"]
[WhiteElo "1567"]
[BlackElo "1636"]
[PlyCount "61"]
[EventDate "2002.04.24"]

1. Nf3 d5 2. d4 g6 3. e3 Bg7 4. Bd3 Nf6 5. O-O O-O 6. Nbd2 b6 7. c3 c5 8. Re1
c4 9. Bc2 Bb7 10. e4 dxe4 11. Nxe4 Bxe4 12. Bxe4 Nxe4 13. Rxe4 Re8 14. Qe2 Qc7
15. Bf4 Qb7 16. Re1 b5 17. Rxe7 Rxe7 18. Qxe7 Qxe7 19. Rxe7 Nc6 20. Rc7 Nd8 21.
d5 a5 22. Ne5 f6 23. Nc6 Nf7 24. d6 Re8 25. Ne7+ Kf8 26. Kf1 f5 27. d7 Rxe7 28.
Rc8+ Nd8 29. Rxd8+ Kf7 30. Rf8+ Bxf8 31. d8=Q 1-0

[Event "VIII Torneo Leonardo di Bona B"]
[Site "Cutro ITA"]
[Date "2002.04.26"]
[Round "3"]
[White "Leto, Marco"]
[Black "Olivo, Gaetano"]
[Result "1-0"]
[WhiteElo "1639"]
[BlackElo "1513"]
[PlyCount "73"]
[EventDate "2002.04.24"]

1. d4 Nf6 2. c4 e6 3. Nf3 g6 4. Nc3 Bg7 5. e4 d6 6. Bg5 Qd7 7. Be2 O-O 8. Qd2
c5 9. O-O cxd4 10. Nxd4 Nc6 11. Rad1 d5 12. Nxc6 bxc6 13. e5 Ne8 14. cxd5 exd5
15. Qd4 h6 16. Bf6 Nxf6 17. exf6 Bh8 18. Qh4 Qe6 19. Qxh6 Bxf6 20. Rfe1 Re8 21.
h4 Bxc3 22. bxc3 Qf6 23. h5 Re6 24. Bd3 Qh4 25. Bxg6 fxg6 26. Rxe6 Bxe6 27.
Qxg6+ Kh8 28. Qh6+ Kg8 29. Qxe6+ Kf8 30. Rd4 Qxh5 31. Rg4 Qf7 32. Qd6+ Qe7 33.
Rg8+ Kf7 34. Rg7+ Kxg7 35. Qxe7+ Kh8 36. Qf6+ Kh7 37. Qxc6 1-0

[Event "VIII Torneo Leonardo di Bona B"]
[Site "Cutro ITA"]
[Date "2002.04.26"]
[Round "3"]
[White "Levato, Biagio"]
[Black "Liperoti, Mimmo"]
[Result "0-1"]
[WhiteElo "1413"]
[BlackElo "1600"]
[PlyCount "64"]
[EventDate "2002.04.24"]

1. d4 d5 2. c4 e6 3. Nc3 Nf6 4. e3 c6 5. Nf3 Bd6 6. Bd3 O-O 7. Qc2 dxc4 8. Bxc4
b5 9. Bd3 g6 10. e4 b4 11. Ne2 Be7 12. O-O Qc7 13. Bg5 Nbd7 14. Rac1 Bb7 15.
Nf4 e5 16. Nd5 Nxd5 17. exd5 Bxg5 18. Nxg5 Rac8 19. dxc6 Bxc6 20. d5 Qd8 21.
dxc6 Qxg5 22. Qa4 Rc7 23. cxd7 Rxc1 24. Rxc1 Qxc1+ 25. Bf1 Qxb2 26. Qxa7 e4 27.
Qc5 Rd8 28. Qc8 Qf6 29. Bb5 Kf8 30. g3 Qb6 31. Qc4 Kg8 32. Qxe4 Qxb5 0-1

[Event "VIII Torneo Leonardo di Bona B"]
[Site "Cutro ITA"]
[Date "2002.04.26"]
[Round "3"]
[White "Londino, Eugenio"]
[Black "Virelli, Salvatore"]
[Result "1-0"]
[WhiteElo "1473"]
[BlackElo "1368"]
[PlyCount "89"]
[EventDate "2002.04.24"]

1. d4 Nf6 2. b3 d5 3. Bb2 Nc6 4. g3 Bg4 5. Bg2 e6 6. Nf3 Bd6 7. O-O O-O 8. a4
a5 9. Na3 Bxf3 10. Bxf3 Re8 11. Nb5 e5 12. Nxd6 Qxd6 13. dxe5 Nxe5 14. Ba3 c5
15. Bg2 Rad8 16. Qe1 b6 17. Qc1 Ned7 18. Bf3 Re7 19. c3 Rde8 20. e3 Ne5 21. Be2
Re6 22. Rd1 Nc6 23. Bb5 Ng4 24. Re1 Qe7 25. Qc2 Nxe3 26. fxe3 Rxe3 27. Rxe3
Qxe3+ 28. Kg2 Re6 29. Bxc6 Rxc6 30. Rf1 g6 31. Bc1 Qe6 32. Bh6 f6 33. Bd2 Kg7
34. Re1 Qf7 35. Qd3 c4 36. bxc4 Rxc4 37. Qe3 Rxa4 38. Qxb6 d4 39. cxd4 Qd5+ 40.
Kg1 g5 41. Qc7+ Kg6 42. Qc2+ f5 43. Qxa4 h5 44. Bxa5 h4 45. Qe8+ 1-0